جغرافية فزان : (رقم التسجيلة. 108773)

تفاصيل مارك
000 -LEADER
fixed length control field 00915nam a2200241 a 4500
003 - CONTROL NUMBER IDENTIFIER
control field EG-GiCUC
008 - FIXED-LENGTH DATA ELEMENTS--GENERAL INFORMATION
fixed length control field 081231s1976 ly b f 000 0 ara d
040 ## - CATALOGING SOURCE
Original cataloging agency EG-GiCUC
Language of cataloging ara
Transcribing agency EG-GiCUC
043 ## - GEOGRAPHIC AREA CODE
Geographic area code f-ly---
050 #4 - LIBRARY OF CONGRESS CALL NUMBER
Classification number DT238. F5
Item number D36 1976
092 04 - LOCALLY ASSIGNED DEWEY CALL NUMBER (OCLC)
Classification number 910.6123
Item number D171
Edition number 21
099 ## - LOCAL FREE-TEXT CALL NUMBER (OCLC)
Classification number 04
-- 910.6123 D171
100 1# - MAIN ENTRY--PERSONAL NAME
Personal name الدناصورى : جمال الدين
245 10 - TITLE STATEMENT
Title جغرافية فزان :
Remainder of title دراسة فى الجغرافية المنهجية والاقليمية /
Statement of responsibility, etc. تأليف جمال الدين الدناصورى
260 ## - PUBLICATION, DISTRIBUTION, ETC.
Place of publication, distribution, etc. ليبيا :
Name of publisher, distributor, etc. دار ليبيا للنشر والتوزيع ،
Date of publication, distribution, etc. 1976
300 ## - PHYSICAL DESCRIPTION
Extent 438ص :
Other physical details خرائط ؛
Dimensions 24سم
504 ## - BIBLIOGRAPHY, ETC. NOTE
Bibliography, etc. note يشتمل على ارجاعات بيبليوجرافية(ص431-436)
651 #7 - SUBJECT ADDED ENTRY--GEOGRAPHIC NAME
Geographic name فزان(ليبيا)
Source of heading or term qrmak
902 ## - LOCAL DATA ELEMENT B, LDB (RLIN)
No. of Items 1
905 ## - LOCAL DATA ELEMENT E, LDE (RLIN)
Cataloger جيهان
Reviser مراجع
905 ## - LOCAL DATA ELEMENT E, LDE (RLIN)
Cataloger رضا
Reviser مدخل
942 ## - ADDED ENTRY ELEMENTS (KOHA)
Source of classification or shelving scheme Dewey Decimal Classification
Koha item type Books
المقتنيات
Source of classification or shelving scheme Not for loan Home library Current library Date acquired Full call number Barcode Date last seen Copy number Koha item type
Dewey Decimal Classification   المكتبة المركزبة الجديدة - جامعة القاهرة قاعة الانسانيات - الدور الثاني 11.02.2024 910.6123 D171 01000100081762000 23.09.2023 C.1 Books
Cairo University Libraries Portal Implemented & Customized by: Eng. M. Mohamady Contacts: new-lib@cl.cu.edu.eg | cnul@cl.cu.edu.eg
CUCL logo CNUL logo
© All rights reserved — Cairo University Libraries
CUCL logo
Implemented & Customized by: Eng. M. Mohamady Contact: new-lib@cl.cu.edu.eg © All rights reserved — New Central Library
CNUL logo
Implemented & Customized by: Eng. M. Mohamady Contact: cnul@cl.cu.edu.eg © All rights reserved — Cairo National University Library